Normal view
MARC view
- science (Urdu)
Entry Topical Term
001 - CONTROL NUMBER
- control field: 109648
003 - CONTROL NUMBER IDENTIFIER
- control field: NUST
005 - DATE AND TIME OF LATEST TRANSACTION
- control field: 20230228143936.0
008 - FIXED-LENGTH DATA ELEMENTS
- fixed length control field: 230228|| aca||aabn | a|a d
040 ## - CATALOGING SOURCE
- Original cataloging agency: NUST
- Transcribing agency: NUST
150 ## - HEADING--TOPICAL TERM
- Topical term or geographic name entry element: science (Urdu)
670 ## - SOURCE DATA FOUND
- Source citation: Work cat.: (NUST)188016: Shahzad, Ahmad 109647, Aj Aur Kal Science Ky Aien-e -Mian , 1995
